Máter dolorosa (Record no. 133718)

MARC details
000 -LEADER
campo de control de longitud fija 00886nam a2200229 i 4500
001 - NÚMERO DE CONTROL
campo de control 133718
003 - IDENTIFICADOR DE NÚMERO DE CONTROL
campo de control ES-MaACL
005 - FECHA Y HORA DE LA ÚLTIMA TRANSACCIÓN
campo de control 20260120104828.0
007 - CAMPO FIJO DE DESCRIPCIÓN FÍSICA--INFORMACIÓN GENERAL
campo de control de longitud fija t|
008 - DATOS DE LONGITUD FIJA--INFORMACIÓN GENERAL
campo de control de longitud fija 070827s1904 sp |||| | spa d
080 ## - NÚMERO DE LA CLASIFICACIÓN DECIMAL UNIVERSAL
Número de la Clasificación Decimal Universal 821.133.1-2"19"
100 1# - ENTRADA PRINCIPAL--NOMBRE DE PERSONA
Nombre de persona Cano, Leopoldo,
Fechas asociadas al nombre 1844-1933
9 (RLIN) 141206
245 10 - MENCIÓN DEL TÍTULO
Título Máter dolorosa
Resto del título : drama en tres actos y en prosa /
Mención de responsabilidad, etc. original de Leopoldo Cano y Masas.
260 ## - PUBLICACIÓN, DISTRIBUCIÓN, ETC.
Lugar de publicación, distribución, etc. Madrid :
Nombre del editor, distribuidor, etc. [s.n],
Fecha de publicación, distribución, etc. 1904 (
Fabricante R. Velasco)
300 ## - DESCRIPCIÓN FÍSICA
Extensión 128 p. ;
Dimensiones 21 cm.
500 ## - NOTA GENERAL
Nota general Obra estrenada en el Teatro Principal de Barcelona el día 11 de noviembre de 1904.
530 ## - NOTA DISPONIBLE DE FORMULARIO FÍSICO ADICIONAL
Nota de formato físico adicional disponible Disponible en formato digital.
852 ## - LOCALIZACIÓN
Ubicación ES-MaACL
Número de control de estantería E-12043
Ubicación en estantería Depósito 2
Donativo/Legado Biblioteca Jacinto Martínez Lacalle
856 4# - LOCALIZACIÓN Y ACCESO ELECTRÓNICOS
Identificador Uniforme de Recursos <a href="http://bibliotecadigital.jcyl.es/i18n/consulta/registro.cmd?id=1365">http://bibliotecadigital.jcyl.es/i18n/consulta/registro.cmd?id=1365</a>
Texto de enlace (Biblioteca Digital de Castilla y León)
942 ## - ELEMENTOS DE ENTRADA SECUNDARIOS (KOHA)
Fuente del sistema de clasificación o colocación Clasificación decimal universal
Holdings
Estatus retirado Estado de pérdida Estado de daño No para préstamo Colección Biblioteca de origen Biblioteca actual Ubicación en estantería Fecha de adquisición Fuente de adquisición Total de préstamos Signatura topográfica completa Código de barras Visto por última vez Precio de reemplazo Tipo de ítem Koha
        Colección digital Biblioteca del Ateneo de Madrid Biblioteca del Ateneo de Madrid Depósito 2 17/01/2008     E-12043 1139199 23/02/2023 23/02/2023 Libro impreso